[Event "XVI C.to Mondiale seniores"]
[Site "Arvier ITA"]
[Date "2006.09.16"]
[Round "6"]
[White "Zelkind, Eduard"]
[Black "Salehimoghaddam, A."]
[Result "1/2-1/2"]
[WhiteElo "2232"]
[BlackElo "2025"]
[PlyCount "176"]
[EventDate "2006.09.11"]

1. Nf3 Nf6 2. g3 g6 3. Bg2 Bg7 4. O-O c5 5. d3 O-O 6. e4 d6 7. Nbd2 Nc6 8. c3
Bg4 9. h3 Bd7 10. a4 Qc8 11. Kh2 a6 12. Nc4 Qc7 13. a5 Rad8 14. Be3 Be6 15.
Nfd2 Ne5 16. Qc2 Bxc4 17. dxc4 h5 18. Kh1 Nc6 19. b4 Nd7 20. Ra4 Rb8 21. Rb1
cxb4 22. cxb4 Nd4 23. Qd3 Ne6 24. Ra2 Ne5 25. Qe2 Nc6 26. Bb6 Qd7 27. Qd1 h4
28. Qg4 Ne5 29. Qe2 hxg3 30. fxg3 Rbc8 31. Be3 Nc6 32. Qf2 Ne5 33. Qe2 Kh7 34.
Kg1 Rh8 35. Rd1 Nc6 36. Rb1 Kg8 37. Nf3 Ne5 38. Rc1 Nc6 39. Qd2 Ne5 40. Nxe5
Bxe5 41. Qf2 Ng7 42. Bd4 Ne6 43. Be3 Kg7 44. Rf1 Rhf8 45. Rc1 Rc7 46. h4 Nd8
47. Rd2 Qg4 48. Bd4 Nc6 49. Bxe5+ dxe5 50. Kh2 Nd4 51. Rc3 f6 52. Qe3 Rh8 53.
Kg1 Rhc8 54. Bf1 Rd8 55. Rh2 Qd1 56. Rf2 Rcd7 57. Rc1 Qg4 58. Kh2 Qh5 59. Be2
Qh7 60. Bg4 Rc7 61. Kg2 Qg8 62. c5 Nc6 63. Rb2 Rd4 64. Rcb1 Qd8 65. Qe1 Na7 66.
Rd1 Rxd1 67. Qxd1 Qxd1 68. Bxd1 Rd7 69. Be2 Rd4 70. b5 axb5 71. Bxb5 Nxb5 72.
Rxb5 Rd7 73. Kf3 Kf7 74. Rb6 Rc7 75. Rb5 Ke8 76. Ke3 Kd8 77. g4 Kc8 78. h5 gxh5
79. gxh5 Rd7 80. Rb1 e6 81. Rb6 Re7 82. h6 Rh7 83. Rxe6 Rxh6 84. Kd3 Rh3+ 85.
Kc4 Re3 86. Rxf6 Rxe4+ 87. Kd5 Ra4 88. Kd6 Kb8 1/2-1/2

[Event "XVI C.to Mondiale seniores"]
[Site "Arvier ITA"]
[Date "2006.09.18"]
[Round "7"]
[White "Altshul, Raffael"]
[Black "Etmans, Maarten D."]
[Result "1/2-1/2"]
[WhiteElo "2291"]
[BlackElo "2159"]
[PlyCount "80"]
[EventDate "2006.09.11"]

1. d4 e6 2. c4 Bb4+ 3. Bd2 Bxd2+ 4. Qxd2 d5 5. e3 Nf6 6. Nc3 O-O 7. Nf3 c6 8.
Bd3 dxc4 9. Bxc4 Nbd7 10. O-O e5 11. Rad1 exd4 12. Qxd4 Qe7 13. Qd6 Qxd6 14.
Rxd6 Nc5 15. Ng5 Bf5 16. b4 Nce4 17. Ncxe4 Nxe4 18. Nxe4 Bxe4 19. f3 Bg6 20.
Rfd1 Rfe8 21. e4 Kf8 22. a4 a6 23. a5 Re7 24. Kf2 Rae8 25. g4 f6 26. h4 Bf7 27.
Bf1 Rc7 28. Rd7 Rec8 29. Rxc7 Rxc7 30. Ke3 Ke7 31. Rc1 Rd7 32. g5 Rd6 33. f4 h6
34. gxh6 gxh6 35. Be2 Rd8 36. Rg1 Rc8 37. Rg7 Kf8 38. Rg1 Ke7 39. Rg7 Kf8 40.
Rg1 Ke7 1/2-1/2

[Event "XVI C.to Mondiale seniores"]
[Site "Arvier ITA"]
[Date "2006.09.18"]
[Round "7"]
[White "Arkhangelsky, Boris"]
[Black "Plachetka, Jan"]
[Result "0-1"]
[WhiteElo "2395"]
[BlackElo "2427"]
[PlyCount "58"]
[EventDate "2006.09.11"]

1. c4 g6 2. e4 e5 3. Nf3 Bg7 4. d4 exd4 5. Nxd4 Nf6 6. Nc3 O-O 7. Be2 Re8 8. f3
c6 9. Nb3 Na6 10. O-O d5 11. cxd5 cxd5 12. exd5 Nb4 13. d6 Qb6+ 14. Kh1 Bf5 15.
Nd4 Bd7 16. Bc4 Qxd6 17. Ncb5 Qc5 18. Qb3 Nfd5 19. a3 Rac8 20. Nd6 Qxd6 21.
axb4 Rxc4 22. Qxc4 Nb6 23. Nb5 Nxc4 24. Nxd6 Nxd6 25. Rd1 Nb5 26. Kg1 Bd4+ 27.
Kf1 Be6 28. g4 h5 29. h3 Bc4+ 0-1

[Event "XVI C.to Mondiale seniores"]
[Site "Arvier ITA"]
[Date "2006.09.18"]
[Round "7"]
[White "Beggi, Pierluigi"]
[Black "Reves Balleste, Jose'"]
[Result "1-0"]
[WhiteElo "2151"]
[BlackElo "1975"]
[PlyCount "67"]
[EventDate "2006.09.11"]

1. d4 d5 2. c4 dxc4 3. Nf3 Nf6 4. e3 Bg4 5. Bxc4 e6 6. Nbd2 c6 7. O-O Be7 8.
Qb3 Qb6 9. Ne5 Bf5 10. Qxb6 axb6 11. f3 Na6 12. e4 Bg6 13. Rf2 Nb4 14. Nf1 b5
15. Bb3 O-O 16. Be3 Rfd8 17. a3 Na6 18. Rc1 Nd7 19. Nxg6 hxg6 20. Ba2 Nf6 21.
g4 b4 22. a4 Rac8 23. g5 Ne8 24. f4 Nd6 25. Ng3 Rf8 26. f5 exf5 27. exf5 gxf5
28. g6 Bh4 29. Bf4 Rcd8 30. Bxd6 Rxd6 31. Bxf7+ Kh8 32. Rxf5 Rd5 33. Bxd5 Rxf5
34. Nxf5 1-0

[Event "XVI C.to Mondiale seniores"]
[Site "Arvier ITA"]
[Date "2006.09.18"]
[Round "7"]
[White "Bondick, Karl-Heinz"]
[Black "Pipitone, Antonio"]
[Result "1-0"]
[WhiteElo "2154"]
[BlackElo "1993"]
[PlyCount "111"]
[EventDate "2006.09.11"]

1. d4 Nf6 2. f3 d5 3. e4 e6 4. Be3 Be7 5. Bd3 O-O 6. Nd2 dxe4 7. fxe4 e5 8.
Ngf3 Ng4 9. Qe2 Nxe3 10. Qxe3 exd4 11. Qxd4 Nc6 12. Qe3 Nb4 13. a3 Nxd3+ 14.
cxd3 b6 15. O-O-O c5 16. Nc4 Be6 17. h4 b5 18. Ncd2 Rc8 19. Ng5 Ba2 20. e5 c4
21. dxc4 bxc4 22. Nb1 Qb6 23. Qxb6 axb6 24. Rd7 Bc5 25. Re1 Bf2 26. Re4 h6 27.
Nf3 Rfd8 28. Rd6 Bc5 29. Rd2 Rd3 30. Nc3 Bb3 31. Rxd3 cxd3 32. Kd2 Rd8 33. h5
Be6 34. g4 Bf2 35. b4 g6 36. hxg6 fxg6 37. Rf4 Kg7 38. Ne4 Bd4 39. g5 h5 40.
Nf6 Bb2 41. a4 Bb3 42. a5 bxa5 43. bxa5 Bc2 44. Rb4 Ba1 45. Rb7+ Kf8 46. Nh4
Bc3+ 47. Kxc3 d2 48. e6 Rd3+ 49. Kb2 Rb3+ 50. Kxc2 Rxb7 51. Nxg6+ Kg7 52. e7
Kxg6 53. e8=Q+ Kxg5 54. Qe5+ Kh6 55. Qxh5+ Kg7 56. Qh7+ 1-0

[Event "XVI C.to Mondiale seniores"]
[Site "Arvier ITA"]
[Date "2006.09.18"]
[Round "7"]
[White "Bukal, Vladimir sr"]
[Black "Boey, Josef Martin"]
[Result "0-1"]
[WhiteElo "2414"]
[BlackElo "2277"]
[PlyCount "66"]
[EventDate "2006.09.11"]

1. c4 e5 2. Nc3 Nf6 3. Nf3 Nc6 4. e4 Bc5 5. Nxe5 Nxe5 6. d4 Bb4 7. dxe5 Nxe4 8.
Qd4 Nxc3 9. bxc3 Be7 10. Qg4 Kf8 11. Qe4 d6 12. f4 f5 13. Qf3 Bd7 14. Qxb7 Qe8
15. Ba3 Rc8 16. Be2 Bc6 17. Qa6 Bxg2 18. Rg1 Be4 19. O-O-O Rb8 20. exd6 cxd6
21. Bxd6 Rb1+ 22. Kd2 Rb2+ 23. Ke1 Bb7 24. Qa5 Bxd6 25. Qxf5+ Kg8 26. Qg4 Bf8
27. Rd8 Rb1+ 28. Kd2 Qxd8+ 29. Bd3 Rb6 30. c5 Rg6 31. Qe2 Bd5 32. Kc2 Rxg1 33.
Bc4 h5 0-1

[Event "XVI C.to Mondiale seniores"]
[Site "Arvier ITA"]
[Date "2006.09.18"]
[Round "7"]
[White "Cebalo, Miso"]
[Black "Vasiukov, Evgeni A."]
[Result "0-1"]
[WhiteElo "2505"]
[BlackElo "2505"]
[PlyCount "142"]
[EventDate "2006.09.11"]

1. d4 f5 2. g3 Nf6 3. Nf3 g6 4. Bg2 Bg7 5. c4 O-O 6. Nc3 d6 7. O-O Qe8 8. d5 a5
9. Nd4 Na6 10. e4 fxe4 11. Nxe4 Nxe4 12. Bxe4 Bd7 13. Be3 c6 14. Qd2 Nc7 15.
dxc6 bxc6 16. Rac1 c5 17. Nb5 Nxb5 18. cxb5 Bxb5 19. Bxa8 Qxa8 20. Rfe1 Rf7 21.
f4 Bc6 22. b3 Qc8 23. Rc4 Bb7 24. h4 Qh3 25. Qh2 Qg4 26. Qf2 Bd5 27. Rc2 h6 28.
Kh2 g5 29. Bc1 gxh4 30. gxh4 Kf8 31. Rg1 Qf5 32. Bb2 Bxb2 33. Rxb2 Qxf4+ 34.
Qxf4 Rxf4 35. Kg3 Rf3+ 36. Kg4 Rf6 37. Kg3 Ke8 38. Rf2 Re6 39. Rf4 Re2 40. Ra4
Re3+ 41. Kf2 Rf3+ 42. Ke1 Rh3 43. Rgg4 h5 44. Rgf4 Kd7 45. Rxa5 Ke6 46. Ra7 Ke5
47. Rf2 e6 48. Re2+ Be4 49. b4 cxb4 50. Ra4 Rxh4 51. Rxb4 d5 52. a4 Rh1+ 53.
Kf2 h4 54. Rb8 d4 55. Rh8 d3 56. Re1 Rh2+ 57. Ke3 Rh3+ 58. Kd2 Kd4 59. Rd8+ Bd5
60. Rxe6 Rh2+ 61. Kd1 h3 62. Rh6 Kc3 63. Rc8+ Bc4 64. Rxc4+ Kxc4 65. a5 Rh1+
66. Kd2 h2 67. a6 Ra1 68. a7 Rxa7 69. Rh4+ Kd5 70. Kxd3 Ra3+ 71. Ke2 Ra1 0-1

[Event "XVI C.to Mondiale seniores"]
[Site "Arvier ITA"]
[Date "2006.09.18"]
[Round "7"]
[White "Chernikov, Oleg L."]
[Black "Sorokin, Valentin"]
[Result "0-1"]
[WhiteElo "2422"]
[BlackElo "2337"]
[PlyCount "68"]
[EventDate "2006.09.11"]

1. d4 Nf6 2. c4 e6 3. Nf3 d5 4. Qc2 Nbd7 5. cxd5 exd5 6. Bf4 Bb4+ 7. Nc3 O-O 8.
e3 c5 9. Be2 Ne4 10. O-O Ndf6 11. Nb5 Bf5 12. Nh4 Bd7 13. f3 Nd2 14. Rfd1 Nh5
15. Bg3 Nxg3 16. hxg3 Qe8 17. Nc3 Qxe3+ 18. Kh1 Bxc3 19. Qxc3 Qxe2 20. Rxd2 Qe7
21. f4 c4 22. Rdd1 Rfe8 23. Re1 Qd6 24. Qf3 Qb4 25. Rxe8+ Rxe8 26. Qxd5 Qxb2
27. Rg1 Qb5 28. Qd6 c3 29. Nf3 Qh5+ 30. Nh4 Qg4 31. Kh2 h6 32. Rc1 Re3 33. Nf3
Rxf3 34. f5 Rxf5 0-1

[Event "XVI C.to Mondiale seniores"]
[Site "Arvier ITA"]
[Date "2006.09.18"]
[Round "7"]
[White "Gabriel, Josef"]
[Black "Davydov, Mikhail"]
[Result "1-0"]
[WhiteElo "2204"]
[BlackElo "2113"]
[PlyCount "69"]
[EventDate "2006.09.11"]

1. c4 c5 2. Nc3 g6 3. Nf3 Bg7 4. d4 cxd4 5. Nxd4 Nc6 6. Nc2 d6 7. e4 Nf6 8. Be2
O-O 9. O-O Ne8 10. Nd5 b6 11. Rb1 Bb7 12. Bg5 Qd7 13. Qd2 Rc8 14. Ncb4 f6 15.
Nxc6 Bxc6 16. Bh6 e6 17. Nc3 Bxh6 18. Qxh6 Rc7 19. Rbd1 Qg7 20. Qh3 Re7 21. Rd2
f5 22. exf5 gxf5 23. Bf3 Bxf3 24. Qxf3 Qg5 25. Rfd1 Rg7 26. Nb5 d5 27. cxd5 e5
28. d6 e4 29. Qb3+ Kh8 30. g3 f4 31. d7 e3 32. d8=Q exd2 33. Qxg5 Rxg5 34. Rxd2
fxg3 35. hxg3 1-0

[Event "XVI C.to Mondiale seniores"]
[Site "Arvier ITA"]
[Date "2006.09.18"]
[Round "7"]
[White "Jansa, Vlastimil"]
[Black "Jakobsen, Ole"]
[Result "1/2-1/2"]
[WhiteElo "2482"]
[BlackElo "2387"]
[PlyCount "78"]
[EventDate "2006.09.11"]

1. e4 c5 2. Nf3 a6 3. Nc3 e6 4. d4 cxd4 5. Nxd4 Qc7 6. Bd3 Nf6 7. Qe2 d6 8. f4
Nc6 9. Nxc6 bxc6 10. O-O Be7 11. b3 e5 12. Bb2 Nd7 13. Nd1 Bf6 14. Ne3 exf4 15.
Bxf6 Nxf6 16. Rxf4 a5 17. Raf1 Qe7 18. Nf5 Bxf5 19. Rxf5 O-O 20. Rxf6 gxf6 21.
Qg4+ Kh8 22. Qh4 Qe5 23. Rf5 Qd4+ 24. Kf1 Rg8 25. Qxf6+ Qxf6 26. Rxf6 Rad8 27.
Rf5 c5 28. Bc4 Rgf8 29. Ke2 f6 30. a4 Kg7 31. Bd5 Rde8 32. Kd3 Re5 33. Kc4 Rxf5
34. exf5 Rb8 35. c3 Kf8 36. Bc6 Ke7 37. Bb5 Rg8 38. Bc6 Rb8 39. Bb5 Rg8 1/2-1/2

[Event "XVI C.to Mondiale seniores"]
[Site "Arvier ITA"]
[Date "2006.09.18"]
[Round "7"]
[White "Karasev, Vladimir I."]
[Black "Johnsen, Gunnar"]
[Result "1-0"]
[WhiteElo "2379"]
[BlackElo "2215"]
[PlyCount "105"]
[EventDate "2006.09.11"]

1. e4 e6 2. b3 d5 3. Bb2 dxe4 4. Nc3 Nf6 5. Qe2 Nc6 6. Nxe4 Nxe4 7. Qxe4 Qd5 8.
Qxd5 exd5 9. Bb5 Bd7 10. O-O-O O-O-O 11. Nf3 f6 12. Kb1 Bc5 13. d4 Bd6 14. h3
a6 15. Bf1 h5 16. a3 Bf5 17. Nh4 Bh7 18. Bd3 Bxd3 19. Rxd3 Rhe8 20. Nf5 g6 21.
Nxd6+ Rxd6 22. g4 Rde6 23. gxh5 gxh5 24. Rf3 Rg8 25. Rd1 Kd7 26. Bc1 Ne7 27.
Kb2 c6 28. Rdd3 Rg6 29. Bd2 Rg2 30. a4 Re2 31. Be3 Ke6 32. Kc1 Rg1+ 33. Rd1
Ree1 34. Rxe1 Rxe1+ 35. Kd2 Rg1 36. Kc3 Nf5 37. Kb4 Nh4 38. Rg3 Rxg3 39. fxg3
Nf5 40. Bf2 Kd6 41. Ka5 Kc7 42. c3 Nd6 43. Be3 Ne4 44. Bf4+ Kc8 45. c4 Nf2 46.
h4 dxc4 47. bxc4 Nd3 48. Kb6 Nb2 49. g4 Nxc4+ 50. Ka7 hxg4 51. h5 g3 52. Bxg3
Ne3 53. h6 1-0

[Event "XVI C.to Mondiale seniores"]
[Site "Arvier ITA"]
[Date "2006.09.18"]
[Round "7"]
[White "Karl, Hans"]
[Black "Gutzeit, Avraham"]
[Result "1-0"]
[WhiteElo "2240"]
[BlackElo "2079"]
[PlyCount "77"]
[EventDate "2006.09.11"]

1. d4 Nf6 2. c4 g6 3. Nc3 Bg7 4. e4 d6 5. f3 O-O 6. Bg5 c6 7. Qd2 a6 8. a4 Qa5
9. Ra3 Nbd7 10. Nge2 e5 11. d5 cxd5 12. cxd5 Re8 13. Nc1 Nf8 14. Be2 N6d7 15.
O-O f6 16. Be3 f5 17. Nd3 f4 18. Bf2 g5 19. b4 Qd8 20. a5 Nf6 21. Na4 g4 22.
Nb6 Rb8 23. Nxc8 Rxc8 24. Rc1 Rxc1+ 25. Qxc1 g3 26. hxg3 fxg3 27. Bxg3 Nh5 28.
Bf2 Qf6 29. Rc3 Bh6 30. Qc2 Ng6 31. Rc8 Rf8 32. Rxf8+ Bxf8 33. Qc8 Qg5 34. Bf1
Ng3 35. Qxb7 Nh4 36. Ne1 Nh5 37. Qc8 Nf6 38. b5 axb5 39. a6 1-0

[Event "XVI C.to Mondiale seniores"]
[Site "Arvier ITA"]
[Date "2006.09.18"]
[Round "7"]
[White "Keserovic, Milan"]
[Black "Westerinen, Heikki M.J."]
[Result "1/2-1/2"]
[WhiteElo "2230"]
[BlackElo "2378"]
[PlyCount "64"]
[EventDate "2006.09.11"]

1. e4 e6 2. d4 d5 3. Nd2 dxe4 4. Nxe4 Qd5 5. Bd3 Nf6 6. Nxf6+ gxf6 7. Nf3 Rg8
8. Bf4 Bd6 9. Bxd6 cxd6 10. O-O Nc6 11. c4 Qh5 12. Re1 Ne7 13. Nd2 Qxd1 14.
Raxd1 f5 15. c5 dxc5 16. Bb5+ Bd7 17. Bxd7+ Kxd7 18. dxc5 Nc6 19. Nc4+ Ke7 20.
Nd6 Kf6 21. a3 b6 22. cxb6 axb6 23. Kf1 Ra4 24. Rc1 Ne5 25. Red1 Rgg4 26. Nb5
Ra5 27. Nc3 Nc4 28. Rc2 Rc5 29. Rd3 Ne5 30. Rd6 Nc4 31. Rd3 Ne5 32. Rd6 Nc4
1/2-1/2

[Event "XVI C.to Mondiale seniores"]
[Site "Arvier ITA"]
[Date "2006.09.18"]
[Round "7"]
[White "Klovans, Janis"]
[Black "Klundt, Klaus"]
[Result "1-0"]
[WhiteElo "2433"]
[BlackElo "2380"]
[PlyCount "103"]
[EventDate "2006.09.11"]

1. e4 c5 2. Nf3 Nc6 3. d4 cxd4 4. Nxd4 Nf6 5. Nc3 e5 6. Ndb5 d6 7. Bg5 a6 8.
Na3 b5 9. Bxf6 gxf6 10. Nd5 Bg7 11. Bd3 Ne7 12. Nxe7 Qxe7 13. c3 f5 14. Nc2 Qb7
15. f3 f4 16. O-O O-O 17. Qe2 Be6 18. Kh1 Rab8 19. a4 bxa4 20. Nb4 a5 21. Na6
Ra8 22. Rxa4 f5 23. Rxa5 fxe4 24. Bxe4 Qb6 25. Rfa1 Ra7 26. Qb5 Qxb5 27. Rxb5
Rd8 28. Rb6 Bc4 29. b3 Rxa6 30. Raxa6 Bxa6 31. Bd5+ Kf8 32. Rxa6 e4 33. fxe4
Bxc3 34. Ra7 Be5 35. Rc7 Rb8 36. Kg1 h6 37. Kf2 Rb4 38. Bc4 Rb8 39. Kf3 Ra8 40.
Rf7+ Ke8 41. Rh7 Ra2 42. Rxh6 Rc2 43. Rg6 Rc3+ 44. Kg4 Ke7 45. h4 Rg3+ 46. Kf5
f3 47. Rxg3 Bxg3 48. gxf3 Bxh4 49. b4 Be1 50. b5 Bf2 51. Kg6 Be3 52. Bd5 1-0

[Event "XVI C.to Mondiale seniores"]
[Site "Arvier ITA"]
[Date "2006.09.18"]
[Round "7"]
[White "Laco, Giuseppe"]
[Black "Kraaykamp, Wim"]
[Result "1-0"]
[WhiteElo "2143"]
[BlackElo "1901"]
[PlyCount "37"]
[EventDate "2006.09.11"]

1. c4 Nf6 2. b4 e6 3. a3 b6 4. Bb2 Be7 5. Qc2 c5 6. b5 Bb7 7. f3 d5 8. a4 a5 9.
g3 Nbd7 10. Bg2 O-O 11. e4 Qc7 12. d3 Rad8 13. f4 dxe4 14. dxe4 Ng4 15. Ra3 e5
16. f5 Bg5 17. Qe2 g6 18. Qxg4 Bd2+ 19. Nxd2 1-0

[Event "XVI C.to Mondiale seniores"]
[Site "Arvier ITA"]
[Date "2006.09.18"]
[Round "7"]
[White "Loktiev, Ivan"]
[Black "Kaminik, Aleksandar"]
[Result "0-1"]
[WhiteElo "2383"]
[BlackElo "2226"]
[PlyCount "63"]
[EventDate "2006.09.11"]

1. d4 Nf6 2. c4 g6 3. Nc3 Bg7 4. e4 d6 5. Be2 O-O 6. Bg5 c5 7. d5 e6 8. Nf3
exd5 9. cxd5 h6 10. Bf4 g5 11. Bg3 Nh5 12. Nd2 Nxg3 13. hxg3 f5 14. O-O f4 15.
gxf4 gxf4 16. Bg4 Nd7 17. Nc4 Ne5 18. Nxe5 Bxe5 19. Bxc8 Rxc8 20. Qh5 Qg5 21.
Qxg5+ hxg5 22. Rfe1 g4 23. f3 g3 24. Kf1 b5 25. Ke2 b4 26. Na4 Kg7 27. Rh1 Rh8
28. Rh3 Rxh3 29. gxh3 Kf6 30. Kf1 c4 31. Rc1 c3 32. b3 0-1

[Event "XVI C.to Mondiale seniores"]
[Site "Arvier ITA"]
[Date "2006.09.18"]
[Round "7"]
[White "Malmdin, Nils Ake"]
[Black "Ljubarskij, Juri"]
[Result "1/2-1/2"]
[WhiteElo "2218"]
[BlackElo "2341"]
[PlyCount "108"]
[EventDate "2006.09.11"]

1. e4 e5 2. Nf3 Nc6 3. Nc3 Nf6 4. a3 d6 5. d4 exd4 6. Nxd4 Be7 7. Be2 Bd7 8.
Be3 Nxd4 9. Bxd4 Bc6 10. Bf3 O-O 11. O-O Nd7 12. g3 Bf6 13. Bg2 Re8 14. f4
Bxd4+ 15. Qxd4 Qf6 16. Rad1 Qh6 17. b4 a6 18. a4 Nf6 19. Rfe1 Re7 20. b5 axb5
21. axb5 Bd7 22. b6 Bg4 23. Ra1 Rae8 24. bxc7 Rxc7 25. e5 dxe5 26. fxe5 Rce7
27. Nb5 Bh3 28. Nd6 Ng4 29. Nxe8 Rxe8 30. Bxh3 Qxh3 31. Qd2 h5 32. Qg2 Qxg2+
33. Kxg2 Nxe5 34. Ra7 Re7 35. h3 f6 36. Rb1 Rc7 37. Rb2 Kh7 38. Raxb7 Rc3 39.
R7b3 Rc4 40. c3 Kg6 41. Rc2 Kf5 42. Rb4 Rc6 43. Rd4 g5 44. c4 Ke6 45. Kf2 Rc5
46. Ke3 f5 47. Kf2 f4 48. gxf4 gxf4 49. Rc3 Kf5 50. Rd5 Rxd5 51. cxd5 Ke4 52.
d6 Kd5 53. d7 Nxd7 54. Rd3+ Ke6 1/2-1/2

[Event "XVI C.to Mondiale seniores"]
[Site "Arvier ITA"]
[Date "2006.09.18"]
[Round "7"]
[White "Rosino, Antonio"]
[Black "Hocevar, Nikola"]
[Result "1-0"]
[WhiteElo "2290"]
[BlackElo "2090"]
[PlyCount "187"]
[EventDate "2006.09.11"]

1. e4 c5 2. Nf3 Nc6 3. c3 d5 4. exd5 Qxd5 5. d4 Bg4 6. dxc5 Qxd1+ 7. Kxd1 e5 8.
b4 a5 9. b5 Nd8 10. Ba3 e4 11. h3 Bh5 12. g4 exf3 13. gxh5 Ne6 14. Bc4 Rc8 15.
c6 bxc6 16. bxc6 Bxa3 17. Nxa3 Ne7 18. Re1 Nxc6 19. Bxe6 fxe6 20. Rxe6+ Kf7 21.
Re3 Rhd8+ 22. Ke1 Re8 23. Rd1 Rxe3+ 24. fxe3 Ne5 25. Nb5 Rc5 26. a4 Nc4 27.
Rd7+ Kf6 28. h6 gxh6 29. Kf2 Rh5 30. Rd4 Ne5 31. Rf4+ Ke7 32. Re4 Kf6 33. h4
Rf5 34. Nd4 Nd3+ 35. Kf1 Rc5 36. Re6+ Kg7 37. Nxf3 Rxc3 38. Ra6 Rc5 39. Nd4 Re5
40. Ke2 Nb2 41. Nc6 Re4 42. Rxa5 Nxa4 43. Nd4 Nb6 44. Ra6 Nd5 45. Nf5+ Kf8 46.
Kf3 Re5 47. e4 Nc3 48. Ng3 h5 49. Rc6 Nb5 50. Kf4 Re7 51. Nxh5 Nd4 52. Rb6 Ne6+
53. Ke3 Kf7 54. Ng3 Ra7 55. Kf3 Kf6 56. Nh5+ Ke5 57. Rb5+ Kd6 58. Rd5+ Ke7 59.
Nf4 Nxf4 60. Kxf4 Ke6 61. Rh5 Rg7 62. Rh6+ Ke7 63. Ra6 Rg1 64. Ra7+ Ke6 65.
Rxh7 Rf1+ 66. Ke3 Re1+ 67. Kf3 Rf1+ 68. Ke2 Rh1 69. Rh5 Rh3 70. Kf2 Rh2+ 71.
Kg3 Rh1 72. Ra5 Kf6 73. h5 Rg1+ 74. Kf3 Rf1+ 75. Ke2 Rh1 76. Rf5+ Ke6 77. Kf2
Rh4 78. Kf3 Rh1 79. Ra5 Rf1+ 80. Kg4 Rg1+ 81. Kf4 Rf1+ 82. Kg5 Rg1+ 83. Kh6 Rg4
84. Ra4 Kf7 85. Ra7+ Kg8 86. e5 Kf8 87. Ra6 Re4 88. Rf6+ Ke7 89. Rf5 Ke6 90.
Kg6 Rh4 91. Rg5 Ke7 92. Kg7 Rf4 93. h6 Rf7+ 94. Kg6 1-0

[Event "XVI C.to Mondiale seniores"]
[Site "Arvier ITA"]
[Date "2006.09.18"]
[Round "7"]
[White "Salehimoghaddam, A."]
[Black "Wagner, Carl E."]
[Result "0-1"]
[WhiteElo "2025"]
[BlackElo "2209"]
[PlyCount "168"]
[EventDate "2006.09.11"]

1. e4 c5 2. Nf3 d6 3. c3 Nf6 4. Bd3 g6 5. O-O Bg7 6. Bc2 O-O 7. h3 Qc7 8. d3
Nc6 9. Bg5 b6 10. Re1 Ne5 11. Nbd2 Ba6 12. Nf1 Rac8 13. Ne3 e6 14. Nxe5 dxe5
15. Qf3 Nd7 16. Ng4 f6 17. Bh6 Bxh6 18. Nxh6+ Kg7 19. Ng4 Nb8 20. Qg3 Rcd8 21.
Rad1 Nc6 22. Bb3 f5 23. Nh2 f4 24. Qg4 Bxd3 25. Bxe6 c4 26. Qg5 h6 27. Qh4 Rfe8
28. Bd5 Qe7 29. Qg4 Qf6 30. b3 b5 31. Rd2 Ne7 32. bxc4 bxc4 33. Qd1 Nxd5 34.
exd5 Qa6 35. Rb2 Rxd5 36. Qf3 Rd7 37. Ng4 Qd6 38. Rb7 Rxb7 39. Qxb7+ Re7 40.
Qb5 e4 41. a4 h5 42. Nh2 Kh6 43. h4 Qf6 44. Nf3 Kg7 45. Qc5 Re8 46. Qxa7+ Re7
47. Qc5 Re8 48. Qb5 Re7 49. Qc5 Re8 50. Ng5 e3 51. f3 Re7 52. a5 Rb7 53. Qd5
Re7 54. Qc5 Rb7 55. Qc8 Ra7 56. Qb8 Re7 57. Qb4 Re5 58. Qb8 Re7 59. Qd8 Qe5 60.
a6 Qc5 61. Kh2 e2 62. Ne4 Qe5 63. Kh1 Ra7 64. Qb6 Qe7 65. Kg1 Rd7 66. Nf6 Qxf6
67. Qb5 Qf7 68. Qe5+ Kh7 69. Qb5 Qe7 70. Qc6 Qe3+ 71. Kh1 Rg7 72. Qa4 Qf2 73.
Qa1 Ra7 74. Kh2 Qxh4+ 75. Kg1 Rxa6 76. Qc1 Rf6 77. Qa1 Rf7 78. Rc1 Qe7 79. Kh2
Qe3 80. Re1 Rg7 81. Rg1 Qf2 82. Re1 h4 83. Kh1 Qg3 84. Rg1 h3 0-1

[Event "XVI C.to Mondiale seniores"]
[Site "Arvier ITA"]
[Date "2006.09.18"]
[Round "7"]
[White "Siegmund, Rainer"]
[Black "Kristiansen, Erling"]
[Result "1-0"]
[WhiteElo "2154"]
[BlackElo "2236"]
[PlyCount "125"]
[EventDate "2006.09.11"]

1. d4 Nf6 2. c4 e5 3. dxe5 Ng4 4. Bf4 Nc6 5. Nf3 Bb4+ 6. Nc3 Qe7 7. Qd5 b6 8.
h3 Nh6 9. Qd2 Nf5 10. a3 Bxc3 11. Qxc3 Qe6 12. e3 Nfe7 13. Ng5 Qg6 14. Bd3 f5
15. exf6 Qxf6 16. Qxf6 gxf6 17. Ne4 f5 18. Nf6+ Kd8 19. O-O d6 20. Rfd1 h6 21.
b4 Ng6 22. Be2 Nxf4 23. exf4 Rf8 24. Nd5 Bb7 25. Rac1 Ne7 26. Bf3 Nxd5 27. Bxd5
c6 28. Bf3 Kc7 29. Rc3 Rae8 30. Re3 Rxe3 31. fxe3 Bc8 32. Kf2 Be6 33. Rc1 c5
34. b5 Rg8 35. g3 h5 36. Bxh5 Rh8 37. g4 a6 38. bxa6 Ra8 39. gxf5 Bxf5 40. Bg4
Bg6 41. Bf3 Rxa6 42. Rc3 Bf7 43. Bd5 Bxd5 44. cxd5 b5 45. e4 c4 46. Ke3 Kd7 47.
Kd4 Ra8 48. Rg3 Rh8 49. a4 bxa4 50. Kxc4 Rh6 51. Rf3 Rh8 52. Kb4 Re8 53. Re3
Rf8 54. f5 Ke7 55. Rg3 Kf6 56. Rg6+ Ke5 57. Re6+ Kd4 58. Kxa4 Kc4 59. Ka5 Kc5
60. Ka6 Rh8 61. Kb7 Rxh3 62. Kc7 Rh7+ 63. Kd8 1-0

[Event "XVI C.to Mondiale seniores"]
[Site "Arvier ITA"]
[Date "2006.09.18"]
[Round "7"]
[White "Spassov, Liuben D."]
[Black "Zakharov, Alexander"]
[Result "1-0"]
[WhiteElo "2387"]
[BlackElo "2395"]
[PlyCount "93"]
[EventDate "2006.09.11"]

1. d4 Nf6 2. c4 c5 3. d5 g6 4. Nc3 Bg7 5. e4 d6 6. f3 e6 7. Bg5 exd5 8. cxd5 a6
9. a4 Nbd7 10. Nh3 Rb8 11. Nf2 O-O 12. Be2 Qc7 13. O-O h6 14. Be3 Re8 15. Qd2
h5 16. Rfc1 Qa5 17. b3 Nh7 18. Rab1 b5 19. axb5 axb5 20. b4 cxb4 21. Na2 Ne5
22. Nxb4 Nc4 23. Bxc4 bxc4 24. Rxc4 Bd7 25. Rbc1 Bb5 26. Rc7 Bf1 27. Ra7 Qxb4
28. Qxb4 Rxb4 29. Kxf1 Reb8 30. Nd3 Rb1 31. Rxb1 Rxb1+ 32. Ke2 g5 33. Ra8+ Bf8
34. h3 Kg7 35. Bd4+ Kg6 36. Ra6 f6 37. Ra7 Rb8 38. g4 hxg4 39. hxg4 Re8 40. Nb4
Re7 41. Ra8 Rd7 42. Nc6 Kf7 43. Nd8+ Kg6 44. Ne6 Bh6 45. Kd3 Kf7 46. Rh8 Kg6
47. Kc4 1-0

[Event "XVI C.to Mondiale seniores"]
[Site "Arvier ITA"]
[Date "2006.09.18"]
[Round "7"]
[White "Tatai, Stefano"]
[Black "Nordstrom, Felix"]
[Result "1-0"]
[WhiteElo "2361"]
[BlackElo "2178"]
[PlyCount "99"]
[EventDate "2006.09.11"]

1. e4 e6 2. d4 d5 3. Nc3 Nf6 4. Bg5 dxe4 5. Nxe4 Be7 6. Bxf6 Bxf6 7. Nf3 Nd7 8.
Qd2 b6 9. Nxf6+ Nxf6 10. Bb5+ Bd7 11. Bxd7+ Qxd7 12. O-O O-O 13. Rad1 Rfd8 14.
Rfe1 Qb5 15. b3 c5 16. c4 Qc6 17. Qe3 cxd4 18. Rxd4 Rd6 19. Ne5 Qc7 20. Rxd6
Qxd6 21. Qf3 Rd8 22. g4 Qc7 23. b4 h6 24. h4 Ne8 25. g5 hxg5 26. hxg5 Nd6 27.
g6 fxg6 28. Qg4 Re8 29. Qxg6 Re7 30. Rd1 Nf7 31. Nxf7 Rxf7 32. Qxe6 Qf4 33.
Rd8+ Kh7 34. Qh3+ Kg6 35. Qd3+ Qf5 36. Rd6+ Kh7 37. Kf1 Qxd3+ 38. Rxd3 Rc7 39.
Rd4 Kg6 40. Ke2 Kf5 41. Kd3 g5 42. Rd8 Kg4 43. Rf8 Rd7+ 44. Kc3 Rc7 45. a4 Rh7
46. c5 Rc7 47. Kc4 a5 48. Kb5 axb4 49. cxb6 Rb7 50. Rd8 1-0

[Event "XVI C.to Mondiale seniores"]
[Site "Arvier ITA"]
[Date "2006.09.18"]
[Round "7"]
[White "Veselsky, Jozef"]
[Black "Piankov, Evgenij"]
[Result "1/2-1/2"]
[WhiteElo "2169"]
[BlackElo "2324"]
[PlyCount "130"]
[EventDate "2006.09.11"]

1. d4 d5 2. Nf3 c6 3. c4 e6 4. Nc3 f5 5. Bf4 Nf6 6. e3 Be7 7. Bd3 O-O 8. O-O
Ne4 9. Qc2 Nd7 10. Ne5 Bf6 11. Nxd7 Bxd7 12. f3 Nxc3 13. bxc3 Bg5 14. Bxg5 Qxg5
15. Rae1 Be8 16. Rf2 Bg6 17. cxd5 exd5 18. c4 dxc4 19. Qxc4+ Kh8 20. Qb4 Rf7
21. e4 fxe4 22. fxe4 Rxf2 23. Kxf2 a5 24. Qc3 Bf7 25. Bb1 Rd8 26. Kg1 Qb5 27.
h3 Qb6 28. Rd1 Bh5 29. g4 Bg6 30. Bc2 h6 31. Kg2 Qb5 32. Rd2 Qg5 33. Re2 Qc1
34. e5 Rf8 35. Qd2 Qf1+ 36. Kh2 Bxc2 37. Qxc2 Qf4+ 38. Kg2 Qxd4 39. e6 Qd5+ 40.
Kg1 Kg8 41. e7 Re8 42. Qc3 a4 43. Qe3 Qd6 44. g5 hxg5 45. Qxg5 b5 46. h4 b4 47.
Qe3 Qg6+ 48. Kh2 Qg4 49. Qf2 c5 50. Qe1 b3 51. Re4 Qd7 52. axb3 axb3 53. Qe2
Qd6+ 54. Kh3 Qd7+ 55. Kh2 Qf5 56. Qc4+ Kh8 57. Qb5 Qf2+ 58. Kh3 Qf7 59. Qxc5
Kg8 60. Qb5 b2 61. Re3 Rxe7 62. Rxe7 Qxe7 63. Qxb2 Qe3+ 64. Kg4 Qe4+ 65. Kg3
Qg6+ 1/2-1/2